ප්‍රජා සංවර්ධන ව්‍යාපෘති : (Record no. 4425)

MARC details
000 -LEADER
fixed length control field 00950nam a2200193 4500
003 - CONTROL NUMBER IDENTIFIER
control field LK-CoMWRAF
005 - DATE AND TIME OF LATEST TRANSACTION
control field 20231213175231.0
008 - FIXED-LENGTH DATA ELEMENTS--GENERAL INFORMATION
fixed length control field 231213b |||||||| |||| 00| 0 eng d
020 ## - INTERNATIONAL STANDARD BOOK NUMBER
International Standard Book Number 9559089005
040 ## - CATALOGING SOURCE
Original cataloging agency LK-CoMWRAF
Modifying agency LK-CoMWRAF
Description conventions LK-CoMWRAF
041 ## - LANGUAGE CODE
Language code of text/sound track or separate title Sinhala; Sinhalese
082 ## - DEWEY DECIMAL CLASSIFICATION NUMBER
Classification number 307.72
Item number GAJ
942 ## - ADDED ENTRY ELEMENTS (KOHA)
Koha item type Books
100 ## - MAIN ENTRY--PERSONAL NAME
Personal name ගජනායක, ජයා
245 ## - TITLE STATEMENT
Title ප්‍රජා සංවර්ධන ව්‍යාපෘති :
Remainder of title සැලසුම් කිරීම ක්‍රියාත්මක කිරීම ඇගැයීම පිළිබඳ අත්පොත
246 ## - VARYING FORM OF TITLE
Title proper/short title Praja sanwardhana wyapruthi : salasum kireema, kriyathmaka kireema, agayeema pilibanda athpotha
260 ## - PUBLICATION, DISTRIBUTION, ETC. (IMPRINT)
Place of publication, distribution, etc. කොළඹ :
Name of publisher, distributor, etc. ප්‍ර‍ජා සංවර්ධන හා වැඩිහිටි අධ්‍යාපනය පිළිබඳ ජාතික සංගමය
Date of publication, distribution, etc. 1990
650 ## - SUBJECT ADDED ENTRY--TOPICAL TERM
Topical term or geographic name as entry element ප්‍රජා සංවර්ධනය
Holdings
Withdrawn status Lost status Damaged status Not for loan Permanent Location Current Location Date acquired Full call number Barcode Koha item type
        Resource center, Muslim Women's Research And Action Forum Resource center, Muslim Women's Research And Action Forum 2023-12-13 307.72 GAJ RAF4805 Books

Copyright © 2023 Muslim Women's Research and Action Forum (MWRAF), No 27/3, Anderson Road, Kalubowila, Dehiwela. Funded by The Asia Fundation